000 00405nam a2200169Ia 4500
001 27350
003 IN-NITTTR
005 20251114233341.0
008 251113s9999||||xx |||||||||||||| ||eng||
040 _beng
040 _cIN-NITTTR
041 _aeng
082 _a025.1 V59M
100 _aVerma, Kusum
245 0 _aModern practices of library information services /
_cVerma, Kusum
942 _2ddc
_cBK
999 _c29978
_d29978